000 00281nam a22001217a 4500
999 _c153966
_d153966
082 _a
_b
100 _aSundaram N
245 _aRgveda sookthangal/
_cby Sundaram N.
260 _aThiruvananthapuram:
_bUniversity of Kerala,
_c2003.
300 _a91p.
650 _a
942 _cBK